La lógica de Aristóteles. Lecciones sobre el origen del pensamiento lógico en la antigüedad.

Uloženo v:
Podrobná bibliografie
Hlavní autor: Correia, Manuel (autor)
Médium: Kniha
Jazyk:španělština
Vydáno: Santiago, Chile: Ediciones Universidad Católica de Chile, 2003.
Vydání:Primera edición.
Edice:Lecciones.
Témata:
Tagy: Přidat tag
Žádné tagy, Buďte první, kdo vytvoří štítek k tomuto záznamu!

MARC

LEADER 00000nam a2200000 a 4500
001 UCL8716
003 CL-VaPUC
005 20241127085256.0
008 040702e20030000CL |||||||||||||||||spa|d
999 |c 309887  |d 309885 
020 |a 956-14-0693-4 
040 |c Pontificia Universidad Católica de Valparaíso 
082 0 4 |a 185 COR 2003  |2 21 
100 0 |a Correia, Manuel  |e autor  |9 486679 
245 1 3 |a La lógica de Aristóteles.  |b Lecciones sobre el origen del pensamiento lógico en la antigüedad. 
250 |a Primera edición. 
260 |a Santiago, Chile:  |b Ediciones Universidad Católica de Chile,  |c 2003. 
300 |a 219 páginas.  
490 0 |a Lecciones. 
500 |a c.2 Donación Familia Prof. Alejandro Guzmán Brito. 
583 |a last modification  |c 20040702 00:00:00  |k Rodrigo Vera 
600 0 |a Aristóteles,  |d 384 a.C.- 322 a.C.  |9 194 
650 0 |a Filosofía antigua   |9 255705 
650 0 |a Lógica  |9 256849 
942 |c BK  |2 ddc  |n 0 
945 |d 20040702 00:00:00  |a cmena 
952 |0 0  |1 0  |4 0  |6 185_000000000000000_COR_2003  |7 0  |8 A  |9 377734  |a BIBEDU  |b BIBEDU  |d 2019-11-21  |i 4032853  |l 3  |o 185 COR 2003  |p 4032853  |r 2023-09-25  |s 2023-09-25  |w 2019-11-21  |y BK  |k FIL 
952 |0 0  |1 0  |2 ddc  |4 0  |6 185_000000000000000_COR_2003  |7 1  |8 C_AGB  |9 580781  |a BIBDER  |b BIBDER  |d 2022-01-24  |e Donación   |i 5641233  |o 185 COR 2003  |p 5641233  |r 2023-01-25  |t 2  |w 2022-01-24  |y BK_US  |k AGB